003900000a22001210004500090001700000245007600017041001400093700003800107100003700145942001300182773005600195999001700251 aAsbSeriadas10aForaminíferos bentónicos recientes del norte de Cartagena, Colombia0 aEspañol1 aLondoño de Hoyos, Concha9993601 aParada Ruffinatti, Carmen921782 cARTICULO1 tBiblioteca José Jerónimo Trianah6q9-153d1983 c15766d15766